<?xml version="1.0" encoding="UTF-8"?>
<record
    xmlns:xsi="http://www.w3.org/2001/XMLSchema-instance"
    xsi:schemaLocation="http://www.loc.gov/MARC21/slim http://www.loc.gov/standards/marcxml/schema/MARC21slim.xsd"
    xmlns="http://www.loc.gov/MARC21/slim">

  <leader>02026    a2200229   4500</leader>
  <controlfield tag="001">40079</controlfield>
  <controlfield tag="005">20260407155656.0</controlfield>
  <controlfield tag="008">260407a1966    arg                 spa d</controlfield>
  <controlfield tag="003">AR-UNSa-BCEJYS</controlfield>
  <datafield tag="040" ind1=" " ind2=" ">
    <subfield code="a">AR-UNSa-BCEJYS</subfield>
    <subfield code="b">spa</subfield>
    <subfield code="c">AR-UNSa-BCEJYS</subfield>
  </datafield>
  <datafield tag="080" ind1=" " ind2=" ">
    <subfield code="a">94</subfield>
    <subfield code="x">Historia General</subfield>
  </datafield>
  <datafield tag="245" ind1="1" ind2="0">
    <subfield code="a">Las civilizaciones actuales</subfield>
    <subfield code="p">estudio de historia econ&#xF3;mica y social</subfield>
  </datafield>
  <datafield tag="264" ind1=" " ind2="1">
    <subfield code="a">Madrid :</subfield>
    <subfield code="b">Tecnos</subfield>
    <subfield code="c">1966</subfield>
  </datafield>
  <datafield tag="300" ind1=" " ind2=" ">
    <subfield code="a">497 p.</subfield>
    <subfield code="c">23 cm.</subfield>
  </datafield>
  <datafield tag="505" ind1=" " ind2=" ">
    <subfield code="a">Parte I: Anta&#xF1;o, ayer y hoy: Las grandes civilizaciones del mundo actual:1. Gram&#xE1;tica de las civilizaciones: Las variaciones de vocabularios - 2. Las civilizaci&#xF3;n se define en relaci&#xF3;n con las diferentes ciencias del hombre - 3. Las civilizaciones son continuidades - Parte II: El islam y el mundo musulman : 4. Lo que ense&#xF1;a la historia - 5. Lo que ense&#xF1;a la geograf&#xED;a - 6. Esplandor  y retorceso del Islam (s.VIII- XVIII) - 7. El renacimiento actual del Islam - Parte III: 8. El continente negro y su pasado - 9. Africa Negra: su presente y su futuro - Parte IV: Extremo Oriente : 10. Introducci&#xF3;n al extremo oriente - 11. La china cl&#xE1;sica - 12. China de ayer y hoy - 13. La India de ayer y de hoy - 14. Un extremo oriente mar&#xED;timo: Indochina, Indonesia, Filipinas, Corea, Jap&#xF3;n - 15. El Jap&#xF3;n - Parte V: Las civilizaciones europeas: 16. Espacio y libertades - 17. Cristianismo, humanismo y pensamiento cient&#xED;fico - 18. La industrializaci&#xF3;n de Europa  - 19. La unidades de Europa - Parte VI: El otro nuevo mundo : 20. Am&#xE9;rica Latina - Parte VII: Am&#xE9;rica por excelencia: Estados Unidos: 21. Un pasado reconfortante : El balance de las oportunidades - 22. Las sombras y las dificultades de ayer a hoy - 23. A trav&#xE9;s del universo ingl&#xE9;s - Parte VI: La otra europa : Mascovia, Rusia, URSS : 24. Desde su origenes a la revoluci&#xF3;n de octubre en 1917 - 25. La URSS desde 1917 hasta hoy -</subfield>
  </datafield>
  <datafield tag="041" ind1=" " ind2=" ">
    <subfield code="a">spa</subfield>
  </datafield>
  <datafield tag="942" ind1=" " ind2=" ">
    <subfield code="c">BK</subfield>
  </datafield>
  <datafield tag="590" ind1=" " ind2=" ">
    <subfield code="a">niveau_biblio:m niveau_hierar:0</subfield>
  </datafield>
  <datafield tag="100" ind1="1" ind2=" ">
    <subfield code="a">Braudel, Fernand</subfield>
  </datafield>
  <datafield tag="700" ind1="1" ind2=" ">
    <subfield code="a">Gomez Mendoza, J.</subfield>
  </datafield>
  <datafield tag="700" ind1="1" ind2=" ">
    <subfield code="a">Anes, Gonzalo</subfield>
  </datafield>
  <datafield tag="999" ind1=" " ind2=" ">
    <subfield code="c">3176</subfield>
    <subfield code="d">3176</subfield>
  </datafield>
  <datafield tag="952" ind1=" " ind2=" ">
    <subfield code="0">0</subfield>
    <subfield code="1">0</subfield>
    <subfield code="4">0</subfield>
    <subfield code="7">0</subfield>
    <subfield code="a">BCEJYS</subfield>
    <subfield code="b">BCEJYS</subfield>
    <subfield code="c">16</subfield>
    <subfield code="d">2026-04-07</subfield>
    <subfield code="l">0</subfield>
    <subfield code="o">94 B825</subfield>
    <subfield code="p">L24650</subfield>
    <subfield code="r">2026-04-07 15:56:56</subfield>
    <subfield code="w">2026-04-07</subfield>
    <subfield code="y">L</subfield>
  </datafield>
  <datafield tag="952" ind1=" " ind2=" ">
    <subfield code="0">0</subfield>
    <subfield code="1">0</subfield>
    <subfield code="4">0</subfield>
    <subfield code="7">0</subfield>
    <subfield code="a">BCEJYS</subfield>
    <subfield code="b">BCEJYS</subfield>
    <subfield code="c">16</subfield>
    <subfield code="d">2026-04-07</subfield>
    <subfield code="l">0</subfield>
    <subfield code="o">94 B825</subfield>
    <subfield code="p">L24649</subfield>
    <subfield code="r">2026-04-07 15:56:56</subfield>
    <subfield code="w">2026-04-07</subfield>
    <subfield code="y">L</subfield>
  </datafield>
</record>
